000
00249nam a2200097Ia 4500
005
20251222175817.0
008
251222s9999||||xx |||||||||||||| ||spa||
082
_a
DVD0120/D89/1952
245
0
_a
Cantando bajo la lluvia:Singin in the rain
942
_c
DVD
999
_c
40352
_d
40352